000 01222nam a2200337 a 4500
001 000112581
003 CHAP
005 20220329144313.0
008 160725s2016 mx a fsm |||||||spa d
010 _a109042
011 _a110014
040 _cCHAP
090 _aTesis
100 1 _aConcepción Santiago, Marisol
_9130965
245 1 0 _aPalatabilidad de ensilados de alfalfa (Medicago sativa L.) y pasto ovillo (Dactylis glomerata L.)/
_h[En línea]
_cpor Marisol Concepción Santiago y Luz del Carmen Cruz Camarillo.
260 _aChapingo, Méx. :
_bEl autor,
_c2016.
500 _aPara ver el contenido del material haga clic en la liga
502 _aTesis (Ing. Agr. Esp. en Zootecnia) -- UACH. Departamento de Zootecnia
590 _aBATCH
_b00
_c20181121
_lUCH01
_h0759
590 _aE6096MTM
_b05
_c20160725
_lUCH01
_h1458
590 _aE6096MTM
_b05
_c20160725
_lUCH01
_h1459
650 1 4 _aAlfalfa como forraje.
_93899
650 1 4 _aEnsilaje.
_937102
650 1 4 _aPastos forrajeros.
_986094
700 1 _aCruz Camarillo, Luz del Carmen
_9130966
856 _a1
_n0001672
856 _aFinding aid
_uhttp://10.13.5.2/tesis/sist112581.pdf
_zTeclea aquí
901 _aBK
942 _cTESIS
942 _n0
999 _c109042
_d109042